Statistics for Types of Brainteasers - Picture Quiz

Click here to take the quiz!

General Stats

  • This quiz has been taken 876 times
  • The average score is 6 of 15

Answer Stats

Answer% Correct
Jigsaw
97%
Sudoku
96%
Crossword
94%
Rubik's Cube
94%
Maze
59%
Wordsearch
48%
Mikado
41%
Labyrinth
15%
Tangram
11%
Solitaire
10%
Rush Hour
9%
Sliding Puzzle
7%
Kakuro
6%
Snake Cube
6%
Tower of Hanoi
6%

Score Distribution

Percentile by Number Answered

Percent of People with Each Score

Your Score History

You have not taken this quiz